| 000 | 01135cam a2200325 a 4500 | ||
|---|---|---|---|
| 001 | 2790156 | ||
| 003 | Ke-BoTe | ||
| 005 | 20211130102728.0 | ||
| 008 | 811116s1982 cau b 000 0aeng | ||
| 010 | _a 81084567 | ||
| 020 | _a0830708065 (pbk.) | ||
| 040 |
_aDLC _cDLC _dDLC |
||
| 043 | _aee----- | ||
| 050 | 0 | 0 |
_aBV2372.P38 _bA33 1982 |
| 082 | 0 | 0 |
_a272/.9 _aB _219 |
| 100 | 1 |
_aPaulson, Hank. _91297 |
|
| 245 | 1 | 0 |
_aBeyond the wall : _bthe people communism can't conquer / _cHank Paulson, with Don Richardson. |
| 260 |
_aVentura, CA : _bRegal Books, _cc1982. |
||
| 300 |
_a173 p. ; _c21 cm. |
||
| 504 | _aIncludes bibliographical references. | ||
| 600 | 1 | 0 |
_aPaulson, Hank. _91297 |
| 630 | 0 | 0 |
_aBible _xPublication and distribution _zCommunist countries. _91298 |
| 650 | 0 |
_aEvangelists _zUnited States _xBiography. _9425 |
|
| 650 | 0 |
_aPersecution _zCommunist countries _xHistory _y20th century. _91299 |
|
| 650 | 0 |
_aCommunism and Christianity. _91300 |
|
| 651 | 0 |
_aCommunist countries _xChurch history. _91301 |
|
| 700 | 1 |
_aRichardson, Don, _d1935- _91302 |
|
| 906 |
_a7 _bcbc _corignew _d1 _eopcn _f19 _gy-gencatlg |
||
| 942 |
_2lcc _cBK _n0 |
||
| 999 |
_c584 _d584 |
||